[Event "ROM-ch"]
[Site "Sebes"]
[Date "2023.02.20"]
[Round "2"]
[White "Stan, Andrei Mihaita"]
[Black "Shevchenko, Kirill"]
[Result "0-1"]
[WhiteElo "2053"]
[BlackElo "2662"]
[PlyCount "74"]
[EventDate "2023.02.19"]
[EventType "swiss"]
[EventRounds "9"]
[EventCountry "ROU"]
[SourceTitle "CBM 212 Extra"]
[Source "ChessBase"]
[SourceDate "2023.03.31"]
[SourceVersion "1"]
[SourceVersionDate "2023.03.31"]
[SourceQuality "1"]

1. d4 Nf6 2. c4 g6 3. Nc3 Bg7 4. e4 d6 5. f3 0-0 6. Be3 a6 7. Qd2 Nc6 8. Bd3 Nd7 9. Nge2 Nb4 10. Bb1 c5 11. 0-0 Nc6 12. f4 Rb8 13. d5 Na5 14. Bd3 b5 15. cxb5 axb5 16. Bxb5 Nf6 17. Bd3 Ng4 18. b3 Rb4 19. Kh1 Nxe3 20. Qxe3 c4 21. bxc4 Nxc4 22. Bxc4 Rxc4 23. Rab1 Qa5 24. Rb3 Bg4 25. h3 Bxe2 26. Nxe2 Qxa2 27. Rfb1 Qa4 28. Ng3 h5 29. Re1 Rfc8 30. Rd3 Bc3 31. Rc1 Bd4 32. Rxc4 Qa1+ 33. Kh2 Rxc4 34. Ra3 Bxe3 35. Rxa1 Bxf4 36. h4 Rc3 37. Ra8+ Kg7 0-1

[Event "EU-ch Online U2300 Final"]
[Site "Chess.com INT"]
[Date "2020.05.26"]
[Round "4"]
[White "Stan, Andrei Mihaita"]
[Black "Astafurov, Arseniy"]
[Result "0-1"]
[WhiteElo "2044"]
[BlackElo "2330"]
[PlyCount "60"]
[EventDate "2020.05.26"]
[EventType "swiss"]
[EventRounds "8"]
[EventCountry "NET"]
[SourceTitle "CBM 196 Extra"]
[Source "ChessBase"]
[SourceDate "2020.07.31"]
[SourceVersion "1"]
[SourceVersionDate "2020.07.31"]
[SourceQuality "1"]

1. d4 Nf6 2. c4 c5 3. d5 b5 4. cxb5 a6 5. bxa6 g6 6. Nc3 Bg7 7. e4 0-0 8. Nf3 Qa5 9. Bd3 Nxd5 10. exd5 Bxc3+ 11. bxc3 Qxc3+ 12. Qd2 Qxa1 13. 0-0 Bxa6 14. Bb2 Qxa2 15. Qc3 f6 16. d6 e6 17. Bb1 Qc4 18. Qxc4 Bxc4 19. Rc1 Bd5 20. Rxc5 Na6 21. Rc1 Rab8 22. Bd4 Rfc8 23. Re1 Bxf3 24. gxf3 e5 25. Ba2+ Kg7 26. Be3 Nb4 27. Bb1 Nc2 28. Bxc2 Rxc2 29. Ra1 Rc6 30. Ra7 Rxd6 0-1

[Event "EU-ch Online U2300 Final"]
[Site "Chess.com INT"]
[Date "2020.05.26"]
[Round "1"]
[White "Tomilova, Elena"]
[Black "Stan, Andrei Mihaita"]
[Result "1/2-1/2"]
[WhiteElo "2353"]
[BlackElo "2044"]
[PlyCount "107"]
[EventDate "2020.05.26"]
[EventType "swiss"]
[EventRounds "8"]
[EventCountry "NET"]
[SourceTitle "CBM 196 Extra"]
[Source "ChessBase"]
[SourceDate "2020.07.31"]
[SourceVersion "1"]
[SourceVersionDate "2020.07.31"]
[SourceQuality "1"]

1. d4 e6 2. e4 d5 3. Bd3 Nf6 4. e5 Nfd7 5. c3 c5 6. Ne2 Nc6 7. 0-0 Qb6 8. Bc2 f5 9. exf6 Nxf6 10. a3 cxd4 11. cxd4 Bd6 12. Nbc3 0-0 13. b4 a6 14. Qd3 e5 15. dxe5 Nxe5 16. Nxd5 Nxd3 17. Nxb6 Nxc1 18. Raxc1 Rb8 19. Bb3+ Kh8 20. Rfd1 Be5 21. Nd4 Ng4 22. Rxc8 Rbxc8 23. Nxc8 Bxh2+ 24. Kh1 Nxf2+ 25. Kxh2 Nxd1 26. Bxd1 Rxc8 27. Bf3 Rc3 28. Bxb7 Rxa3 29. Nc6 g5 30. Nb8 Rb3 31. Nxa6 Kg7 32. Bd5 Rb2 33. Bc4 h5 34. b5 g4 35. Kg3 Kf6 36. Nc5 Rc2 37. b6 Rxc4 38. b7 Rb4 39. b8Q Rxb8 40. Nd7+ Kg5 41. Nxb8 h4+ 42. Kf2 Kf4 43. Nc6 Ke4 44. Ne7 Kf4 45. Nd5+ Ke4 46. Ne3 Kf4 47. Nf1 Ke4 48. Nd2+ Kf4 49. Nc4 Ke4 50. Ke2 Kf4 51. Kf1 h3 52. gxh3 gxh3 53. Kg1 h2+ 54. Kxh2 1/2-1/2

[Event "ROM-ch U18"]
[Site "Calimanesti Caciulata"]
[Date "2019.04.20"]
[Round "7"]
[White "Ciorgovean, Iustin"]
[Black "Stan, Andrei Mihaita"]
[Result "1-0"]
[WhiteElo "2233"]
[BlackElo "1918"]
[PlyCount "151"]
[EventDate "2019.04.15"]
[EventType "swiss"]
[EventRounds "9"]
[EventCountry "ROU"]
[SourceTitle "CBM 190 Extra"]
[Source "ChessBase"]
[SourceDate "2019.07.15"]
[SourceVersion "1"]
[SourceVersionDate "2019.07.15"]
[SourceQuality "1"]

1. d4 Nf6 2. c4 e6 3. Nf3 c5 4. d5 b5 5. Bg5 d6 6. dxe6 fxe6 7. cxb5 a6 8. e4 Be7 9. Nc3 0-0 10. e5 Ne8 11. Bxe7 Qxe7 12. exd6 Nxd6 13. bxa6 Nf5 14. Bd3 Nd4 15. Nxd4 cxd4 16. Ne4 Nxa6 17. a3 Nc5 18. Nxc5 Qxc5 19. 0-0 Ba6 20. Re1 e5 21. Rc1 Qb6 22. Bxa6 Rxa6 23. Rc2 Qb5 24. Qc1 Raf6 25. f3 d3 26. Rc3 Rd6 27. Qd2 Qb6+ 28. Kh1 Qd4 29. h3 h6 30. Re4 Qd5 31. Re3 Rfd8 32. b3 Qb5 33. Re4 Rd4 34. Rxd4 Rxd4 35. b4 Kh7 36. Kh2 e4 37. fxe4 Qe5+ 38. Kg1 Qxe4 39. Rb3 Qd5 40. Rc3 Qe4 41. b5 Rd5 42. Rb3 Qd4+ 43. Kh2 Qe5+ 44. g3 Qd4 45. b6 Qc4 46. Rb4 Qc2 47. Rb2 Qc8 48. a4 g6 49. b7 Qb8 50. a5 h5 51. Qf4 Qxf4 52. gxf4 d2 53. Rxd2 Rxd2+ 54. Kg3 Rb2 55. a6 Rb6 56. Kf2 Kg7 57. a7 Rxb7 58. a8Q Rf7 59. Ke3 Re7+ 60. Kd4 Rd7+ 61. Ke5 Re7+ 62. Kd6 Rf7 63. Qa1+ Kh7 64. Qe5 Rg7 65. Ke6 Ra7 66. Kf6 Ra6+ 67. Kg5 Ra7 68. f5 gxf5 69. Qxf5+ Kh8 70. Qe5+ Kh7 71. Kxh5 Rg7 72. Qf5+ Kh8 73. Kh6 Rf7 74. Qe5+ Kg8 75. Qe8+ Rf8 76. Qg6+ 1-0

[Event "ROM-ch"]
[Site "Olanesti"]
[Date "2018.05.21"]
[Round "8"]
[White "Stan, Andrei Mihaita"]
[Black "Rauca, Horatiu Augustin"]
[Result "1/2-1/2"]
[WhiteElo "1860"]
[BlackElo "1897"]
[PlyCount "27"]
[EventDate "2018.05.14"]
[EventType "swiss"]
[EventRounds "9"]
[EventCountry "ROU"]
[SourceTitle "CBM 184 Extra"]
[Source "ChessBase"]
[SourceDate "2018.06.28"]
[SourceVersion "1"]
[SourceVersionDate "2018.06.28"]
[SourceQuality "1"]

1. d4 Nf6 2. c4 e5 3. dxe5 Ng4 4. e4 Nxe5 5. f4 Nec6 6. Be3 Bb4+ 7. Nd2 Qe7 8. Bd3 Na6 9. Qe2 Nc5 10. Bxc5 Bxc5 11. Ngf3 d6 12. 0-0-0 Bg4 13. Nb3 0-0-0 14. Bc2 1/2-1/2

[Event "ROM-ch U16"]
[Site "Calimanesti Caciulata"]
[Date "2016.04.22"]
[Round "6"]
[White "Ion, Dragos Cosmin"]
[Black "Stan, Andrei Mihaita"]
[Result "0-1"]
[WhiteElo "1762"]
[BlackElo "1655"]
[PlyCount "58"]
[EventDate "2016.04.18"]
[EventType "swiss"]
[EventRounds "9"]
[EventCountry "ROU"]
[SourceTitle "CBM 172 Extra"]
[Source "ChessBase"]
[SourceDate "2016.06.21"]
[SourceVersion "1"]
[SourceVersionDate "2016.06.21"]
[SourceQuality "1"]

1. e4 e6 2. d4 d5 3. Nc3 dxe4 4. Nxe4 Nf6 5. Nxf6+ Qxf6 6. Nf3 h6 7. Bd3 Bd6 8. 0-0 0-0 9. Qe2 Nc6 10. Qe4 Qf5 11. Qh4 Be7 12. Qg3 Qf6 13. Bf4 Bd6 14. Be5 Bxe5 15. dxe5 Qe7 16. a3 b6 17. Be4 Bb7 18. Rfd1 Rfd8 19. c3 Rab8 20. b4 Nd4 21. Nxd4 Bxe4 22. Qe3 Bb7 23. c4 Rd7 24. Rac1 Rbd8 25. c5 Rxd4 26. Rxd4 Rxd4 27. c6 Qd8 28. cxb7 Rd1+ 29. Qe1 Rxe1+ 0-1

[Event "ROM-ch U14"]
[Site "Calimanesti"]
[Date "2015.04.05"]
[Round "8"]
[White "Stan, Andrei Mihaita"]
[Black "Ciorgovean, Iustin"]
[Result "0-1"]
[WhiteElo "1601"]
[BlackElo "1729"]
[PlyCount "60"]
[EventDate "2015.03.30"]
[EventType "swiss"]
[EventRounds "9"]
[EventCountry "ROU"]
[SourceTitle "CBM 165 Extra"]
[Source "ChessBase"]
[SourceDate "2015.04.21"]
[SourceVersion "1"]
[SourceVersionDate "2015.04.21"]
[SourceQuality "1"]

1. e4 c5 2. Nf3 Nc6 3. d4 cxd4 4. Nxd4 g6 5. Bc4 Bg7 6. Be3 Nf6 7. Nc3 d6 8. Be2 0-0 9. 0-0 Bd7 10. f3 Nxd4 11. Bxd4 Bc6 12. Kh1 a5 13. Rc1 a4 14. Nd5 Nd7 15. Bxg7 Kxg7 16. Qd4+ e5 17. Qd2 Qa5 18. Nc3 a3 19. b3 Rfd8 20. Qxd6 Nf6 21. b4 Rxd6 22. bxa5 Rxa5 23. Nd5 Nd7 24. f4 exf4 25. Rxf4 Rc5 26. Rf3 Bxd5 27. exd5 Rcxd5 28. Rxa3 Ne5 29. Kg1 Rd7 30. Rc3 Rd2 0-1